Obálka Náhled e-knihy:
PDF Epub
Pro půjčování e-knih musíte být přihlášeni.
Jak si půjčit online?

Pihoun od Slavoše /

Pomocí fiktivní postavy, školáka Pihouna na prázdninách, provádí autor čtenáře reáliemi Berouna dvacátých let minulého století.

Uloženo v:
Hlavní autor: Paták, Karel, 1931-2014 (Autor)
Médium: E-kniha
Jazyk:Czech
Vydáno: Beroun : Machart, 2009
Vydání:1. vyd.
Témata:
Tagy:
Žádné tagy
LEADER 01596nam a2200397 a 4500
001 291871
003 CZ PrSKC
005 20260407070736.0
007 ta
008 090601s2009 xr a e 000 fdcze
015 |a cnb001856852 
020 |a 9788090334281  |q (váz.) 
035 |a (OCoLC)428365334 
040 |a ABA001  |b cze 
043 |a e-xr---  |b e-xr-st  |2 czenas 
045 |a x2x2 
072 7 |a 821.162.3-3  |x Česká próza  |2 Konspekt 
080 |a 821.162.3-31  |2 MRF 
080 |a (437.312)  |2 MRF 
080 |a (0:82-31)  |2 MRF 
100 1 |a Paták, Karel,  |d 1931-2014  |7 xx0023682  |4 aut 
245 1 0 |a Pihoun od Slavoše /  |c Karel Paták 
250 |a 1. vyd. 
260 |a Beroun :  |b Machart,  |c 2009 
300 |a 109 s. :  |b il. ;  |c 19 cm 
520 2 |a Pomocí fiktivní postavy, školáka Pihouna na prázdninách, provádí autor čtenáře reáliemi Berouna dvacátých let minulého století. 
648 7 |a 1921-1930  |7 ch460580  |2 czenas 
651 7 |a Beroun (Česko)  |7 ge134062  |y 1921-1930  |2 czenas 
651 9 |a Beroun (Czechia)  |y 1921-1930  |2 eczenas 
655 7 |a české romány  |7 fd133974  |2 czenas 
655 9 |a Czech fiction  |2 eczenas 
900 |a ABA001  |b 17 
044 |a xr 
910 |a RBIT002 
998 |d 189  |a https://core.palmknihy.cz/api/books/189/cover?c14sff  |b https://core.palmknihy.cz/api/books/189/cover/400?soehlq  |c https://core.palmknihy.cz/api/books/189/cover/50?rmqwqa  |e   |g 112  |i 9788090334281  |j https://core.palmknihy.cz/api/books/189/preview.epub  |k https://core.palmknihy.cz/api/books/189/preview.pdf  |l   |q 49  |r 1  |s https://www.palmknihy.cz/kniha/189  |t ebook  |y 2009  |z 0 
999 |d 291869